| 000 | 00636nam a2200193 i 4500 | ||
|---|---|---|---|
| 001 | 15795 | ||
| 003 | ES-MaACL | ||
| 005 | 20230906151144.0 | ||
| 007 | t| | ||
| 008 | 000508s1987 sp a |||| | spa d | ||
| 080 | _a72.025.4(464.1 M.) | ||
| 245 | 0 | 0 |
_aRehabilitación de dos edificios administrativos en Madrid _b: IMADE y SGV. |
| 260 |
_a[Madrid] : _bDragados y Construcciones, _cD.L. 1987. |
||
| 300 |
_a62 p. : _bil. col. y n. ; _c28 cm. |
||
| 650 | 4 |
_aEdificios- _xRehabilitación- _zMadrid. _9149682 |
|
| 650 | 4 |
_aEdificios públicos- _zMadrid. _912060 |
|
| 710 | 2 |
_aDragados y Construcciones. _93410 |
|
| 852 |
_aES-MaACL _jL-22910 |
||
| 999 |
_c15795 _d15795 |
||